000 00327nam a2200133Ia 4500
008 150301s2012 xx 000 0 und d
082 _a612.3
_bN12C
100 _aCHAUHAN, DEEPTI
245 _aNUTRITIONFOR B.SC NURSING STUDENT
260 _bLOTOUS PUB.
_c2012
300 _a324
650 _aFOOD & NUTRITION
942 _2ddc
_cBK
999 _c6772
_d6772